logo

Bir Sreshtho Munshi Abdur Rouf Library
Jhenaidah Cadet College

উচ্চতর গণিত দ্বিতীয় পত্র একাদশ-দ্বাদশ শ্রেণি / (Record no. 5459)

MARC details
000 -LEADER
fixed length control field 00898nam a2200229 a 4500
001 - CONTROL NUMBER
JCCL Control Number 5459
003 - CONTROL NUMBER IDENTIFIER
JCCL marc code BD-JhCC
005 - DATE AND TIME OF LATEST TRANSACTION
control field 20171219122936.0
008 - FIXED-LENGTH DATA ELEMENTS--GENERAL INFORMATION
fixed length control field 171214s2014 bg a|||| || | 000 0 ben d
035 ## - SYSTEM CONTROL NUMBER
system control number (BD-JhCC)5459
040 ## - CATALOGING SOURCE
Original cataloging agency BD-JhCC
Modifying agency BD-JhCC
041 ## - LANGUAGE CODE
Language code of Book ben
082 ## - DEWEY DECIMAL CLASSIFICATION NUMBER
Classification number 515
Author mark and Year ISL 2014
100 ## - MAIN ENTRY--PERSONAL NAME
Personal name ইসলাম, মোঃ নজরুল
245 ## - TITLE STATEMENT
Title উচ্চতর গণিত দ্বিতীয় পত্র একাদশ-দ্বাদশ শ্রেণি /
Statement of responsibility, etc মোঃ নজরুল ইসলাম, মোঃ কেতাব উদ্দীন
260 ## - PUBLICATION, DISTRIBUTION, ETC. (IMPRINT)
Place of publication, distribution, etc ঢাকা :
Name of publisher, distributor, etc জাতীয় শিক্ষাক্রম পাঠ্যপুস্তক বোর্ড,
Date of publication, distribution, etc 2014.
300 ## - PHYSICAL DESCRIPTION
Pagination 313 p. :
Dimensions 24 cm.
650 ## - SUBJECT ADDED ENTRY--TOPICAL TERM
Topical term or geographic name as entry element Mathematics Analysis
700 ## - ADDED ENTRY--PERSONAL NAME
Personal name উদ্দীন, মোঃ কেতাব
942 ## - ADDED ENTRY ELEMENTS (KOHA)
Source of classification or shelving scheme Dewey Decimal Classification
Koha item type Books
Holdings
Source of classification or shelving scheme Damaged status Not for loan Home library Current library Shelving location Date of accession Cost, normal purchase price Total Checkouts Full call number Barcode Date last seen Date checked out Copy number Koha item type
Dewey Decimal Classification     JCC Rouf Library JCC Rouf Library General Stacks 12/14/2017 125.00 1 515 ISL 2014 7722 05/11/2022 03/31/2022 C - 1 Books
Dewey Decimal Classification     JCC Rouf Library JCC Rouf Library General Stacks 12/14/2017 125.00   515 ISL 2014 7721 12/14/2017   C - 2 Books
Dewey Decimal Classification     JCC Rouf Library JCC Rouf Library General Stacks 12/19/2017 125.00   515 ISL 2014 7732 12/19/2017   C-3 Books

JCC Library | Contacts | JCC Home

Last Update on 23 September 2017
Copyright @ 2017-2020 JCC Rouf Library
Rouf Library, Jhenidah Cadet College (JCC), Bangladesh